[Event "EU-chT Seniors 12th"]
[Site "Dresden"]
[Date "2010.02.11"]
[Round "2"]
[White "Rasmussen, Lars Bo"]
[Black "Kivipelto, Kaj Erik"]
[Result "1/2-1/2"]
[WhiteElo "2065"]
[BlackElo "2185"]
[PlyCount "67"]
[EventDate "2010.02.10"]
[EventType "team-swiss"]
[EventRounds "9"]
[EventCountry "GER"]
[SourceTitle "CBM 134 Extra"]
[Source "ChessBase"]
[SourceDate "2010.03.03"]
[SourceVersion "1"]
[SourceVersionDate "2010.03.03"]
[SourceQuality "1"]
[WhiteTeam "Luxembourg (Seniors)"]
[BlackTeam "Helsinki (Seniors)"]
[WhiteTeamCountry "LUX"]
[BlackTeamCountry "FIN"]

1. d4 Nf6 2. c4 c5 3. d5 b5 4. Qc2 d6 5. e4 g6 6. cxb5 Bg7 7. Nf3 0-0 8. Bd2 a6 9. a4 axb5 10. Bxb5 Ba6 11. Na3 e6 12. dxe6 fxe6 13. 0-0 Bb7 14. Rfe1 Nc6 15. Rad1 Ng4 16. Bc3 Nd4 17. Bxd4 Bxd4 18. Re2 Rxf3 19. gxf3 Ne5 20. Qb3 Qf6 21. f4 Qxf4 22. Qxe6+ Kh8 23. Qh3 Bxe4 24. Rxe4 Qxe4 25. Bd3 Nxd3 26. Qxd3 Qxd3 27. Rxd3 Rxa4 28. Nb5 Bxb2 29. Rxd6 Rf4 30. Kg2 Kg7 31. Nc7 Rf5 32. Rc6 Bd4 33. Ne6+ Kf7 34. Nxd4 1/2-1/2

[Event "EU-chT Seniors 11th"]
[Site "Velden"]
[Date "2009.04.10"]
[Round "6"]
[White "Baumbach, Friedrich"]
[Black "Rasmussen, Lars Bo"]
[Result "1-0"]
[WhiteElo "2280"]
[BlackElo "2057"]
[PlyCount "155"]
[EventDate "2009.04.05"]
[EventType "team-swiss"]
[EventRounds "9"]
[EventCountry "AUT"]
[SourceTitle "CBM 129 Extra"]
[Source "ChessBase"]
[SourceDate "2009.05.05"]
[SourceVersion "2"]
[SourceVersionDate "2009.05.20"]
[SourceQuality "1"]

1. d4 f5 2. Nf3 Nf6 3. g3 e6 4. Bg2 d5 5. 0-0 Bd6 6. c4 c6 7. b3 Qe7 8. Bb2 0-0 9. Qc1 b6 10. Ba3 c5 11. Nc3 Bb7 12. Nb5 Nbd7 13. Nxd6 Qxd6 14. Rd1 Rac8 15. cxd5 exd5 16. Qc2 Ne4 17. Rac1 Qe6 18. Qd3 Rfd8 19. Nd2 g6 20. Bb2 Ndf6 21. f3 Ng5 22. e3 c4 23. Qe2 b5 24. h4 Nf7 25. bxc4 dxc4 26. e4 Nh5 27. Qf2 b4 28. d5 Qa6 29. Bd4 c3 30. Nb3 Qa3 31. Bxa7 Ba6 32. Bb6 Rd7 33. Nc5 Rd6 34. Nxa6 c2 35. Rxc2 Rxc2 36. Qxc2 Rxb6 37. Nc5 Nxg3 38. Nd7 Qc3 39. Qf2 Rd6 40. Qxg3 Rxd7 41. Qe1 Qc5+ 42. Qf2 Qc3 43. Qd4 Kf8 44. Rd2 Ke7 45. exf5 Qxd4+ 46. Rxd4 gxf5 47. Rxb4 Rxd5 48. a4 Nd6 49. Bf1 Ra5 50. Kf2 Ke6 51. Ke3 Kd5 52. Bb5 Ra7 53. Kf4 Kc5 54. Rb1 h6 55. Re1 Rh7 56. Bd3 Ra7 57. Re5+ Kd4 58. Bb5 Ra5 59. Re6 Nxb5 60. axb5 Rxb5 61. Rxh6 Rb4 62. Rf6 Kd5+ 63. Kg5 Ke5 64. Rxf5+ Ke6 65. Rf4 Rb8 66. Rf6+ Ke7 67. h5 Rb5+ 68. Rf5 Rb8 69. Kg6 Ke6 70. Rf4 Ke5 71. Re4+ Kd5 72. h6 Rb6+ 73. Kg7 Rb7+ 74. Kf6 Rb6+ 75. Kg5 Rb7 76. Rh4 Rh7 77. Kg6 Rh8 78. h7 1-0

[Event "EU-chT Seniors 11th"]
[Site "Velden"]
[Date "2009.04.07"]
[Round "3"]
[White "Rasmussen, Lars Bo"]
[Black "Boehnisch, Manfred"]
[Result "0-1"]
[WhiteElo "2057"]
[BlackElo "2374"]
[PlyCount "172"]
[EventDate "2009.04.05"]
[EventType "team-swiss"]
[EventRounds "9"]
[EventCountry "AUT"]
[SourceTitle "CBM 129 Extra"]
[Source "ChessBase"]
[SourceDate "2009.05.05"]
[SourceVersion "2"]
[SourceVersionDate "2009.05.20"]
[SourceQuality "1"]

1. d4 d5 2. g3 c6 3. Bg2 Bg4 4. h3 Bh5 5. Nf3 Nd7 6. 0-0 e6 7. Bf4 Ngf6 8. Nbd2 Be7 9. c3 h6 10. Ne5 Nxe5 11. dxe5 Nd7 12. g4 Bg6 13. e4 h5 14. Qe2 hxg4 15. hxg4 Nc5 16. Rad1 Qc7 17. b4 Na4 18. Qe3 Qb6 19. Rfe1 0-0-0 20. exd5 Qxe3 21. Rxe3 cxd5 22. Rc1 Kb8 23. a3 d4 24. cxd4 Rxd4 25. Ne4 Nb2 26. Bg3 Nc4 27. Rec3 Bxe4 28. Rxc4 Rxc4 29. Rxc4 Bxg2 30. Kxg2 Rd8 31. Rf4 Rf8 32. Rf3 g5 33. Rd3 Kc7 34. f4 gxf4 35. Bxf4 Rd8 36. Rc3+ Kb8 37. Kf3 b6 38. Ke4 Kb7 39. Rd3 Rxd3 40. Kxd3 Kc6 41. Kc4 b5+ 42. Kd4 a5 43. Bd2 a4 44. g5 Bd8 45. Ke4 Bb6 46. Bf4 Bf2 47. Bd2 Bh4 48. Kd4 Bg3 49. Ke4 Bf2 50. Bc3 Kd7 51. Kf3 Bg1 52. Ke4 Bb6 53. Kd3 Ke8 54. Bd4 Bd8 55. Be3 Kf8 56. Ke4 Kg7 57. Kf4 Kg6 58. Kg4 Bc7 59. Bd4 Bb8 60. Kf4 Kh5 61. Bb6 Kg6 62. Bd4 Bc7 63. Kg4 Bd8 64. Be3 Bc7 65. Bd2 Kg7 66. Be3 Kh7 67. Kh5 Bd8 68. Kg4 Kg6 69. Bc1 Bb6 70. Kf4 Bd4 71. Ke4 Bc3 72. Kf4 Kh5 73. Kf3 Bxe5 74. Ke4 Bc3 75. Kf4 Ba1 76. Kf3 Kg6 77. Ke4 Kg7 78. Kf4 Kf8 79. Kf3 Ke7 80. Ke4 Kd7 81. Kd3 Kd6 82. Kc2 Kd5 83. Kd3 Bd4 84. Kc2 Kc4 85. Bf4 e5 86. Bd2 Bf2 0-1

[Event "EU-chT Seniors 10th"]
[Site "Dresden"]
[Date "2008.02.15"]
[Round "5.3"]
[White "Grabow, Pouelsten Holm"]
[Black "Rasmussen, Lars Bo"]
[Result "1-0"]
[WhiteElo "2214"]
[BlackElo "2095"]
[PlyCount "87"]
[EventDate "2008.02.11"]
[EventType "team-swiss"]
[EventRounds "9"]
[EventCountry "GER"]
[SourceTitle "CBM 122 Extra"]
[Source "ChessBase"]
[SourceDate "2008.03.04"]
[SourceVersion "1"]
[SourceVersionDate "2008.03.04"]
[SourceQuality "1"]
[WhiteTeam "Denmark"]
[BlackTeam "Luxembourg (Seniors)"]
[WhiteTeamCountry "DEN"]
[BlackTeamCountry "LUX"]

1. c4 f5 2. d4 Nf6 3. g3 e6 4. Bg2 d5 5. Nf3 Be7 6. Nc3 0-0 7. Bf4 c6 8. Qb3 Kh8 9. h4 Nh5 10. Be5 Nd7 11. e3 Qe8 12. Ne2 Nxe5 13. Nxe5 Bd6 14. Nf4 Nf6 15. Nfd3 Bc7 16. Qc2 Ne4 17. a3 a5 18. b3 Rf6 19. Rb1 Bd7 20. b4 axb4 21. axb4 Qc8 22. 0-0 Be8 23. Ra1 Bd8 24. Ra2 Rh6 25. Rfa1 Rb8 26. Rc1 g5 27. hxg5 Bxg5 28. Nf4 Qd8 29. b5 Bxf4 30. exf4 Rf6 31. Rb2 Rc8 32. bxc6 bxc6 33. Rcb1 Nd6 34. c5 Nb5 35. Qd2 Ra8 36. Bf1 Na3 37. Ra1 Nb5 38. Rxa8 Qxa8 39. Ra2 Qb7 40. Bxb5 cxb5 41. Qa5 Rf8 42. Qb6 Qg7 43. c6 Bxc6 44. Qxc6 1-0

[Event "EU-chT Seniors 10th"]
[Site "Dresden"]
[Date "2008.02.13"]
[Round "3.3"]
[White "Degenhardt, Norbert"]
[Black "Rasmussen, Lars Bo"]
[Result "0-1"]
[WhiteElo "2074"]
[BlackElo "2095"]
[PlyCount "88"]
[EventDate "2008.02.11"]
[EventType "team-swiss"]
[EventRounds "9"]
[EventCountry "GER"]
[SourceTitle "CBM 122 Extra"]
[Source "ChessBase"]
[SourceDate "2008.03.04"]
[SourceVersion "1"]
[SourceVersionDate "2008.03.04"]
[SourceQuality "1"]
[WhiteTeam "Rheno Palatinat"]
[BlackTeam "Luxembourg (Seniors)"]
[WhiteTeamCountry "GER"]
[BlackTeamCountry "LUX"]

1. e4 g6 2. d4 Bg7 3. Bc4 e6 4. Ne2 d5 5. Bd3 dxe4 6. Bxe4 Nf6 7. Bf3 c6 8. 0-0 0-0 9. c4 b6 10. Nbc3 Bb7 11. Bf4 Na6 12. Be5 Qe7 13. Qc2 Rfd8 14. Rad1 Rd7 15. a3 Ne8 16. Bxg7 Nxg7 17. g3 Rad8 18. b4 Nf5 19. b5 Nb8 20. d5 cxd5 21. cxd5 exd5 22. Nf4 Qc5 23. Qb2 d4 24. Ncd5 Bxd5 25. Bxd5 Rxd5 26. Nxd5 Qxd5 27. Rfe1 h5 28. f4 Nd7 29. Qf2 Qxb5 30. h3 Nf6 31. Re4 Qd7 32. Qf3 Ne7 33. f5 Qd6 34. Re2 Nxf5 35. g4 hxg4 36. hxg4 Nh4 37. Qf2 g5 38. Red2 Qc6 39. Rf1 Kg7 40. Qg3 Rd7 41. Qe5 Rd5 42. Qg3 Ne4 43. Qd3 Nxd2 44. Qxd2 Qe6 0-1

[Event "Aarhus op"]
[Site "Aarhus"]
[Date "1991.??.??"]
[Round "4"]
[White "Hansen, Evgenia"]
[Black "Rasmussen, Lars Bo"]
[Result "1-0"]
[WhiteElo "2200"]
[BlackElo "2240"]
[PlyCount "91"]
[EventDate "1991.??.??"]
[EventType "swiss"]
[EventRounds "9"]
[EventCountry "DEN"]
[SourceTitle "EXT 1998"]
[Source "ChessBase"]
[SourceDate "1997.11.17"]
[SourceVersion "1"]
[SourceVersionDate "1997.11.17"]
[SourceQuality "1"]

1. Nf3 Nf6 2. g3 d5 3. Bg2 c6 4. c4 Bg4 5. cxd5 cxd5 6. Ne5 Bf5 7. Qa4+ Nbd7 8. Nc3 e6 9. g4 Bc2 10. Nxf7 Bxa4 11. Nxd8 Rxd8 12. Nxa4 Nxg4 13. d4 Bd6 14. h3 Bf4 15. Nc3 Ngf6 16. Bd2 Rc8 17. 0-0 Bd6 18. e4 dxe4 19. Nxe4 Nxe4 20. Bxe4 e5 21. Bxb7 Rb8 22. Bc6 Rxb2 23. dxe5 Bxe5 24. Ba5 Rc2 25. Rac1 Rxa2 26. Rc5 0-0 27. Rxe5 Nxe5 28. Bd5+ Kh8 29. Bxa2 Nf3+ 30. Kg2 h6 31. Rd1 Ne5 32. Bc3 Ng6 33. Rd7 Nf4+ 34. Kf1 Nh5 35. Rxa7 Rc8 36. Be5 Rc1+ 37. Kg2 Rc8 38. Bb1 Kg8 39. Bg6 Nf6 40. h4 Rd8 41. h5 Rc8 42. Bxf6 gxf6 43. Kg3 Rb8 44. Kg4 Rb5 45. f4 Rc5 46. Rf7 1-0

[Event "Aarhus op"]
[Site "Aarhus"]
[Date "1991.??.??"]
[Round "5"]
[White "Hansen, Lars Bo"]
[Black "Rasmussen, Lars Bo"]
[Result "1-0"]
[WhiteElo "2525"]
[BlackElo "2240"]
[PlyCount "69"]
[EventDate "1991.??.??"]
[EventType "swiss"]
[EventRounds "9"]
[EventCountry "DEN"]
[SourceTitle "EXT 1998"]
[Source "ChessBase"]
[SourceDate "1997.11.17"]
[SourceVersion "1"]
[SourceVersionDate "1997.11.17"]
[SourceQuality "1"]

1. c4 c6 2. d4 d5 3. Nf3 Nf6 4. Nc3 e6 5. cxd5 exd5 6. Bg5 Be7 7. Qc2 0-0 8. e3 Nbd7 9. Bd3 h6 10. Bh4 c5 11. 0-0 c4 12. Bf5 Nb6 13. Ne5 Nfd7 14. Bg3 Nxe5 15. dxe5 a6 16. Rad1 Be6 17. Ne2 Qd7 18. e4 Bxf5 19. exf5 f6 20. Nd4 fxe5 21. Bxe5 Bf6 22. f4 Qe7 23. Rfe1 Qc5 24. Kh1 Qa5 25. g4 Nd7 26. Qg2 Rf7 27. Bxf6 Nxf6 28. g5 hxg5 29. fxg5 Ne4 30. Re2 Qc7 31. g6 Rf6 32. Rxe4 dxe4 33. Qh3 Kf8 34. Qh8+ Ke7 35. Qxg7+ 1-0

[Event "Aarhus op"]
[Site "Aarhus"]
[Date "1991.??.??"]
[Round "9"]
[White "Rasmussen, Lars Bo"]
[Black "Stanford, Sheila Barth"]
[Result "1/2-1/2"]
[WhiteElo "2240"]
[BlackElo "2165"]
[PlyCount "126"]
[EventDate "1991.??.??"]
[EventType "swiss"]
[EventRounds "9"]
[EventCountry "DEN"]
[SourceTitle "EXT 1998"]
[Source "ChessBase"]
[SourceDate "1997.11.17"]
[SourceVersion "1"]
[SourceVersionDate "1997.11.17"]
[SourceQuality "1"]

1. e4 e6 2. d3 d5 3. Nd2 g6 4. Ngf3 Bg7 5. g3 Ne7 6. Bg2 0-0 7. 0-0 c5 8. Re1 b6 9. c3 Bb7 10. e5 Nbc6 11. d4 cxd4 12. cxd4 Nf5 13. Nb3 a5 14. Bg5 f6 15. exf6 Bxf6 16. Rxe6 a4 17. g4 Ng7 18. Bxf6 Rxf6 19. Rxf6 Qxf6 20. Nc1 Ne6 21. Ne2 Ra5 22. Rc1 Rb5 23. Rc2 Nb4 24. Rd2 Ra5 25. Nc3 Nf4 26. a3 Na6 27. Nxa4 b5 28. Nc5 Bc8 29. Nxa6 Qxa6 30. Ne5 b4 31. Qf3 g5 32. Bf1 Qd6 33. Rc2 Bb7 34. axb4 Qxb4 35. Qe3 Ra1 36. Nd3 Nxd3 37. Qxd3 Ba6 38. Qxa6 Rxa6 39. Bxa6 Qxd4 40. Be2 Qe4 41. Rd2 Kg7 42. b4 d4 43. h3 Qb1+ 44. Kg2 Qxb4 45. Rd3 Qb2 46. Bf1 h5 47. Rf3 Qb7 48. Bd3 hxg4 49. hxg4 Qc6 50. Bf1 Qe4 51. Kg3 Qh7 52. Kg2 Qh4 53. Rg3 Kf6 54. Be2 Qh7 55. Bd3 Qb7+ 56. Rf3+ Ke6 57. Kg3 Qc7+ 58. Kg2 Qc1 59. Bf5+ Kd5 60. Bd3 Kc5 61. Bf5 Kc4 62. Be6+ Kb4 63. Bf5 Kc4 1/2-1/2

[Event "Luxembourg op 29th"]
[Site "Luxembourg"]
[Date "1990.??.??"]
[Round "3"]
[White "Plaskett, H James"]
[Black "Rasmussen, Lars Bo"]
[Result "1-0"]
[WhiteElo "2470"]
[BlackElo "2240"]
[PlyCount "77"]
[EventDate "1990.06.??"]
[EventType "swiss"]
[EventRounds "9"]
[EventCountry "LUX"]
[SourceTitle "EXT 1997"]
[Source "ChessBase"]
[SourceDate "1996.11.15"]
[SourceVersion "1"]
[SourceVersionDate "1996.11.15"]
[SourceQuality "1"]

1. d4 Nf6 2. Bg5 c5 3. d5 d6 4. Nc3 Bf5 5. f3 h6 6. Bxf6 gxf6 7. e4 Bg6 8. Bd3 e5 9. f4 exf4 10. Nh3 Nd7 11. Nxf4 a6 12. 0-0 Ne5 13. Be2 b5 14. Nxg6 fxg6 15. Bg4 h5 16. Be6 Bh6 17. a4 b4 18. Ne2 Kf8 19. Qe1 Kg7 20. Qg3 h4 21. Qh3 Qe7 22. b3 Bg5 23. Kh1 Raf8 24. Rf2 Qa7 25. Rd1 c4 26. Nd4 Nd3 27. Rxd3 cxd3 28. Qxd3 Re8 29. Rf1 a5 30. Qc4 Be3 31. Nc6 Qb6 32. c3 Bd2 33. cxb4 Bxb4 34. Bd7 Ra8 35. Nd4 Ra7 36. Ne6+ Kf7 37. Qe2 Rxd7 38. Rxf6+ Kxf6 39. Qb2+ 1-0

[Event "Prague Metro-B"]
[Site "Prague"]
[Date "1990.??.??"]
[Round "7"]
[White "Pribyl, Josef"]
[Black "Rasmussen, Lars Bo"]
[Result "1-0"]
[WhiteElo "2440"]
[BlackElo "2240"]
[PlyCount "105"]
[EventDate "1990.??.??"]
[EventType "tourn"]
[EventRounds "11"]
[EventCountry "CZE"]
[EventCategory "4"]
[SourceTitle "EXT 1997"]
[Source "ChessBase"]
[SourceDate "1996.11.15"]
[SourceVersion "1"]
[SourceVersionDate "1996.11.15"]
[SourceQuality "1"]

1. d4 Nf6 2. Nf3 g6 3. Nc3 Bg7 4. e4 d6 5. Bc4 c6 6. Bb3 0-0 7. 0-0 d5 8. e5 Ne8 9. h3 f5 10. exf6 exf6 11. Re1 Qd6 12. Ne4 Qd8 13. Nc5 b6 14. Ne6 Bxe6 15. Rxe6 Nc7 16. Re2 Qd6 17. g3 g5 18. h4 h6 19. Qd3 Nd7 20. Bd2 Rae8 21. Be3 Rf7 22. Kg2 Rfe7 23. c3 Nf8 24. Rc1 b5 25. Bc2 Qd7 26. Rh1 g4 27. Nd2 h5 28. Rhe1 a6 29. Nb3 Qc8 30. a4 Kf7 31. Nc5 Kg8 32. b4 Nce6 33. Nb3 Nd8 34. Nc5 Nde6 35. Nxe6 Qxe6 36. Kf1 Qe4 37. Qxe4 dxe4 38. Bb3+ Kh7 39. Ra2 Ng6 40. Rea1 f5 41. Bg5 Rc7 42. axb5 axb5 43. Ra7 Rxa7 44. Rxa7 Rf8 45. Bf7 Rc8 46. Ke2 Rb8 47. Ke3 c5 48. bxc5 b4 49. c6 bxc3 50. c7 Rb1 51. Bxg6+ Kxg6 52. c8Q Rd1 53. Qe6+ 1-0

[Event "Luxembourg op 29th"]
[Site "Luxembourg"]
[Date "1990.??.??"]
[Round "8"]
[White "Rasmussen, Lars Bo"]
[Black "Ristic, Nenad"]
[Result "1-0"]
[WhiteElo "2240"]
[BlackElo "2415"]
[PlyCount "87"]
[EventDate "1990.06.??"]
[EventType "swiss"]
[EventRounds "9"]
[EventCountry "LUX"]
[SourceTitle "EXT 1997"]
[Source "ChessBase"]
[SourceDate "1996.11.15"]
[SourceVersion "1"]
[SourceVersionDate "1996.11.15"]
[SourceQuality "1"]

1. d4 Nf6 2. c4 g6 3. Nc3 d5 4. e3 Bg7 5. Nf3 0-0 6. b3 c5 7. Bb2 cxd4 8. exd4 Nc6 9. Be2 Bg4 10. 0-0 dxc4 11. Ne5 Bxe2 12. Nxe2 cxb3 13. Qxb3 Na5 14. Qh3 e6 15. Nf4 Nd5 16. Nxe6 fxe6 17. Qxe6+ Kh8 18. Ba3 Nf4 19. Nf7+ Rxf7 20. Qxf7 Qxd4 21. Rae1 h6 22. Qc7 b6 23. Bd6 Nd3 24. Re2 Nc4 25. Qc6 Rg8 26. Bg3 Nce5 27. Qb7 Nf4 28. Re4 Nh3+ 29. gxh3 Qc5 30. Re3 a5 31. Rfe1 Nc6 32. Re8 Nd4 33. Rxg8+ Kxg8 34. Re8+ Bf8 35. Qe4 Kf7 36. Re5 Qc4 37. Kg2 Bc5 38. h4 Qxa2 39. h5 Qc2 40. Qd5+ Kf6 41. Qd8+ Kg7 42. Re7+ Bxe7 43. Qxe7+ Kg8 44. Qe8+ 1-0

[Event "Prague Metro-B"]
[Site "Prague"]
[Date "1990.??.??"]
[Round "1"]
[White "Rasmussen, Lars Bo"]
[Black "Spesny, Jan"]
[Result "0-1"]
[WhiteElo "2240"]
[BlackElo "2340"]
[PlyCount "32"]
[EventDate "1990.??.??"]
[EventType "tourn"]
[EventRounds "11"]
[EventCountry "CZE"]
[EventCategory "4"]
[SourceTitle "EXT 1997"]
[Source "ChessBase"]
[SourceDate "1996.11.15"]
[SourceVersion "1"]
[SourceVersionDate "1996.11.15"]
[SourceQuality "1"]

1. d4 d5 2. g3 c6 3. Bg2 Nf6 4. Nf3 Bf5 5. Nbd2 h6 6. 0-0 e6 7. Re1 Nbd7 8. c3 Be7 9. h3 0-0 10. b4 a5 11. Qb3 axb4 12. cxb4 Qb6 13. b5 cxb5 14. g4 Bg6 15. Bb2 Rfc8 16. e3 Bc2 0-1

[Event "Lugano op"]
[Site "Lugano"]
[Date "1989.03.05"]
[Round "3"]
[White "Manor, Ilan"]
[Black "Rasmussen, Lars Bo"]
[Result "1-0"]
[WhiteElo "2425"]
[BlackElo "2295"]
[PlyCount "79"]
[EventDate "1989.03.03"]
[EventType "swiss"]
[EventRounds "9"]
[EventCountry "SUI"]
[SourceTitle "TD"]
[Source "ChessBase"]
[SourceDate "1994.03.01"]
[SourceVersion "1"]
[SourceVersionDate "1994.03.01"]
[SourceQuality "1"]

1. d4 Nf6 2. c4 c5 3. d5 b5 4. cxb5 a6 5. bxa6 Bxa6 6. Nc3 d6 7. g3 g6 8. Nf3 Bg7 9. Bg2 0-0 10. 0-0 Nbd7 11. Qc2 Qc7 12. Rd1 Rfb8 13. Rb1 Nb6 14. Nd2 Ng4 15. h3 Ne5 16. Nde4 h6 17. Kh2 Bc8 18. b3 c4 19. b4 f5 20. Nb5 Qd7 21. Nec3 Na4 22. Nxa4 Qxb5 23. Nc3 Qe8 24. a4 g5 25. f4 gxf4 26. gxf4 Qh5 27. e3 Nd3 28. b5 Bd7 29. Bd2 Bf6 30. Qa2 Nc5 31. Qxc4 Rc8 32. b6 Bxa4 33. Rg1 Kf8 34. Nxa4 Rxa4 35. Qc2 Rb8 36. Bb4 Qe8 37. Bxc5 dxc5 38. d6 Qd7 39. Bd5 Bg7 40. dxe7+ 1-0

[Event "Lugano op"]
[Site "Lugano"]
[Date "1989.03.03"]
[Round "1"]
[White "Dizdar, Goran"]
[Black "Rasmussen, Lars Bo"]
[Result "1-0"]
[WhiteElo "2505"]
[BlackElo "2295"]
[PlyCount "77"]
[EventDate "1989.03.03"]
[EventType "swiss"]
[EventRounds "9"]
[EventCountry "SUI"]
[SourceTitle "TD"]
[Source "ChessBase"]
[SourceDate "1994.03.01"]
[SourceVersion "1"]
[SourceVersionDate "1994.03.01"]
[SourceQuality "1"]

1. Nf3 Nf6 2. g3 g6 3. b3 Bg7 4. Bb2 0-0 5. Bg2 d6 6. d4 c6 7. 0-0 Bg4 8. Nbd2 Nbd7 9. Re1 Re8 10. e4 Qc7 11. e5 Nd5 12. h3 Bxf3 13. Nxf3 dxe5 14. dxe5 Nf8 15. Qe2 Red8 16. h4 e6 17. h5 Rd7 18. hxg6 Nxg6 19. Nh2 Rad8 20. Qh5 Qa5 21. Ng4 Nf6 22. b4 Nxh5 23. bxa5 Rd2 24. Rac1 Bf8 25. Bc3 R2d7 26. Bf3 Kh8 27. Kg2 Be7 28. Nh6 Bg5 29. Bxh5 Bxh6 30. Rb1 Bg5 31. Rb3 Kg7 32. f4 Bh6 33. Reb1 Ne7 34. Rxb7 Nd5 35. Bd2 c5 36. a6 Kg8 37. Ba5 Rxb7 38. axb7 Rb8 39. Bf3 1-0